000 00588nam a2200205 u 4500
005 20240925064738.0
008 091117s2008 r 000 0 eng d
020 _a9789707228191
035 _aUPN01000173759
049 _aCG
050 4 _aGE42
_bK9.2
100 1 _aKwiatkowska, Teresa
245 1 0 _aControversias de la ética ambiental /
_cTeresa Kwiatkowska.
260 _aMéxico :
_bUAM-Iztapalapa :
_bPlaza y Valdés,
_c2008.
300 _a170 p. :
_bil.
440 0 _aEcología
650 2 _aÉtica ambiental
_94960
650 7 _aPolítica ambiental
_2
_91340
905 _aLibro
999 _c145863
_d145863